|
|
|
|
| LEADER |
00727cam a2200217 a 4500 |
| 001 |
0000065189 |
| 005 |
20101118090000.0 |
| 040 |
|
|
|a mod
|
| 041 |
|
|
|a eng
|
| 020 |
0 |
0 |
|a 155786912x
|
| 090 |
0 |
0 |
|a 332.03
|b BLA
|e 1997
|
| 245 |
0 |
4 |
|a The blackwell encyclopedic dictionary of Finance
|c edited by Dean Paxson and Douglas Wood
|
| 260 |
0 |
0 |
|a Cambridge, Massachusetts
|b Blackwell Publ. Ltd
|c 1997
|
| 300 |
0 |
0 |
|a viii, 225p.
|b ill
|c 25cm
|
| 440 |
0 |
0 |
|a The blackwell encyclopedia of management
|
| 500 |
0 |
0 |
|a Includes bibliographical references and index
|
| 650 |
0 |
0 |
|a Finance
|x Dictionaries
|
| 700 |
1 |
1 |
|a Paxson
|h Dean
|
| 700 |
1 |
1 |
|a Wood
|h Douglas
|
| 852 |
0 |
0 |
|a 01
|
| 999 |
|
|
|a 0193207
|b KEMENTAH
|d BOOKS
|e Rujukan
|f Perpustakaan KEMENTAH
|j AVAILABLE
|q GOOD CONDITION
|